Подробности
| 000 -МАРКЕР |
| контрольное поле |
02217nam2a22003491 4500 |
| 001 - ИДЕНТИФИКАТОР ЗАПИСИ |
| контрольное поле |
v19\rc\1427648 |
| 005 - ИДЕНТИФИКАТОР ВЕРСИИ |
| контрольное поле |
20250618191435.0 |
| 035 ## - ДРУГИЕ СИСТЕМНЫЕ НОМЕРА |
| Идентификатор записи |
(NLR Aleph) 004675597 |
| 100 ## - ДАННЫЕ ОБЩЕЙ ОБРАБОТКИ |
| Данные общей обработки |
20060620d1888 |||y0rusy50 ca |
| 101 0# - ЯЗЫК РЕСУРСА |
| Язык текста, звукозаписи и т.д. |
русский |
| 102 ## - СТРАНА ПУБЛИКАЦИИ ИЛИ ПРОИЗВОДСТВА |
| Страна публикации |
российская федерация |
| 105 ## - ПОЛЕ КОДИРОВАННЫХ ДАННЫХ: ТЕКСТОВЫЕ МАТЕРИАЛЫ, МОНОГРАФИЧЕСКИЕ |
| Кодированные данные о монографическом текстовом документе |
y g ||||| |
| 135 ## - ПОЛЕ КОДИРОВАННЫХ ДАННЫХ: ЭЛЕКТРОННЫЕ РЕСУРСЫ |
| Кодированные данные для электронного ресурса |
crbn 001auaba |
| 200 0# - ЗАГЛАВИЕ И СВЕДЕНИЯ ОБ ОТВЕТСТВЕННОСТИ |
| Основное заглавие |
... на 1888 год |
| Первые сведения об ответственности |
издание Саратовского губернского статистического комитета |
| Последующие сведения об ответственности |
под редакцией секретаря комитета Н.С. Соколова |
| 210 ## - ПУБЛИКАЦИЯ, РАСПРОСТРАНЕНИЕ И ДР. |
| Место издания, распространения и т.д. |
Саратов |
| Имя издателя, распространителя и т. д. |
типография губернского правления |
| Дата издания, распространения и т.д. |
1888 |
| 215 ## - ФИЗИЧЕСКАЯ ХАРАКТЕРИСТИКА |
| Специфическое обозначение материала и объем |
[2], IV, [1], 423, 152, [2] с. |
| 300 ## - ОБЩИЕ ПРИМЕЧАНИЯ |
| Текст примечания |
Общ. загл. выпуска: Адрес-календарь Саратовской губернии на 1888 год |
| 325 ## - ПРИМЕЧАНИЕ О КОПИИ |
| Текст примечания |
Копия доступна в Электрон. б-ке РНБ http://vivaldi.nlr.ru/bx000002346/open |
| 461 #0 - УРОВЕНЬ НАБОРА |
| Встроенное поле |
001v19\rc\1427617 |
| -- |
2001#$aПамятная книжка Саратовской губернии...$f[Саратовский губернский статистический комитет]$v... на 1888 год |
| Системный номер (АБИС) связанной записи |
3736588 |
| Место публикации |
Саратов |
| Дата публикации |
1858-1916 |
| Первые сведения об ответственности |
[Саратовский губернский статистический комитет] |
| Имя издателя, распространителя и т.д. |
типография губернского правления |
| Заглавие |
Памятная книжка Саратовской губернии... |
| Номер тома |
... на 1888 год |
| 517 1# - ДРУГИЕ ВАРИАНТЫ ЗАГЛАВИЯ |
| Вариант заглавия |
Адрес-календарь Саратовской губернии на 1888 год |
| Язык заглавия |
русский |
| 702 #1 - ИМЯ ЛИЦА - ВТОРИЧНАЯ ОТВЕТСТВЕННОСТЬ |
| Код отношения |
Редактор |
| Графика поля |
Кириллица |
| Материалы, к которым относится поле |
rus |
| Начальный элемент ввода |
Соколов |
| Часть имени, кроме начального элемента ввода |
Н. С. |
| Дополнения к именам, кроме дат |
историк-краевед |
| Даты |
1860-1890 |
| Расширение инициалов личного имени |
Николай Степанович |
| Системный номер авторитетной/нормативной записи |
184173 |
| Идентификатор авторитетной/нормативной записи |
RU\NLR\AUTH\770184224 |
| 801 #0 - ИСТОЧНИК ЗАПИСИ |
| Страна |
российская федерация |
| Организация |
NLR |
| Правила каталогизации |
psbo |
| 801 #1 - ИСТОЧНИК ЗАПИСИ |
| Страна |
российская федерация |
| Организация |
ProSoft-M |
| Источник данных |
rusmarc |
| 801 #2 - ИСТОЧНИК ЗАПИСИ |
| Страна |
российская федерация |
| Организация |
NLR |
| Дата составления |
20161117 |
| Источник данных |
rusmarc |
| 852 ## - МЕСТОНАХОЖДЕНИЕ И ШИФР ХРАНЕНИЯ |
| Идентификатор организации |
NLR |
| Шифр хранения (Call Number) |
С595Сар/П15 |
| 856 #0 - МЕСТОНАХОЖДЕНИЕ ЭЛЕКТРОННЫХ РЕСУРОВ И ДОСТУП К НИМ |
| Универсальный идентификатор ресурса (Uniform Resource Identifier) |
https://nlr.ru/elibrarypro/memo/RA5946/content?id=2448 |
| 942 ## - ДОПОЛНИТЕЛЬНЫЕ ЭЛЕМЕНТЫ ЗАПИСИ (АБИС) |
| Тип экземпляра АБИС |
Книга |
| 980 ## - КОЛЛЕКЦИЯ |
| Название коллекции |
Национальная библиография |
| 981 26 - КОЛЛЕКЦИЯ ЭЛЕКТРОННОЙ БИБЛИОТЕКИ |
| Название коллекции |
Памятные книжки губерний Российской империи |
| Название подколлекции |
Саратовская губерния |